书目信息 |
| 书名: | Individual development and evolution | |
| 作者: | Gilbert Gottlieb. | |
| 分册号: | ||
| 分册名: | 出版地: | New York : |
|
| 出版社: | Oxford University Press | |
| 出版时间: | 1992. | |
| 页数: | xii, 231 p. : | |
| 开本: | 23 cm. | |
| 丛书名: | ||
| 中图分类号: | ||
| 科图分类号: | ||
| 其他分类号: | G61 | |
| 主题词: | ||
| 电子资源: | http://www.loc.gov/catdir/enhancements/fy0637/91006714-t.html http://www.loc.gov/catdir/enhancements/fy0637/91006714-d.html | |
| 000 | 01229pam a2200301 a 450 | |
| 001 | E0738544708 | |
| 005 | 20070513083205.65 | |
| 008 | 910130s1992 nyua b 001 0 eng | |
| 010 | @a91006714 | |
| 020 | @a0195068939 (alk. paper). | |
| 035 | @A(DLC) 91006714 | |
| 040 | @aDLC@cDLC@dDLC | |
| 050 | 00 | @aQH438.5@b.G68 1992 |
| 082 | 00 | @a575@2 20 |
| 090 | @aG61 | |
| 099 | @dG61@ex18 | |
| 100 | 1 | @aGottlieb, Gilbert,@d1929- |
| 245 | 10 | @aIndividual development and evolution :@bthe genesis of novel behavior / @cGilbert Gottlieb. |
| 260 | @aNew York :@bOxford University Press,@c1992. | |
| 300 | @axii, 231 p. :@bill. ;@c23 cm. | |
| 504 | @aIncludes bibliographical references ([209]-224) and index. | |
| 650 | 0 | @aNature and nurture. |
| 650 | 0 | @aBehavior evolution. |
| 856 | 41 | @3 Table of contents only@uhttp://www.loc.gov/catdir/enhancements/fy0637/91006714-t.html |
| 856 | 42 | @3 Publisher description@uhttp://www.loc.gov/catdir/enhancements/fy0637/91006714-d.html |
| 906 | @a7@bcbc@corignew@d1@eocip@f19@gy-gencatlg | |
| 955 | @apc17 to bt00 01-30-91; bt04 to SCD 02-11-91; ff06 02-19-91; fl40 02-25-91; cip ver. bg05 to sl 02-20-92 | |
| 991 | @bc-GenColl@hQH438.5@i.G68 1992@p00053180279@tCopy 1@wBOOKS | |
| Individual development and evolution : : the genesis of novel behavior / / Gilbert Gottlieb.-New York : : Oxford University Press, , 1992. |
| xii, 231 p. : : ill. ; ; 23 cm. |
| Includes bibliographical references ([209]-224) and index. |
| ISBN 0195068939 (alk. paper). |
| ● |
| 相关链接 |
|
|
|
|
正题名:Individual development and evolution
索取号:G61/x18
 
预约/预借
| 序号 | 登录号 | 条形码 | 馆藏地/架位号 | 状态 | 备注 |
| 1 | 0006443 | 300064436 | 第四借阅区/ [索取号:G61/x18] | 在馆 | |
| 2 | 6442 | 300064427 | 第二样本阅览室/ [索取号:G61/x18] | 在馆 |